|
|
|
|
| LEADER |
02012nam a22004935i 4500 |
| 001 |
978-3-540-72238-0 |
| 003 |
DE-He213 |
| 005 |
20151204145132.0 |
| 007 |
cr nn 008mamaa |
| 008 |
100301s2007 gw | s |||| 0|eng d |
| 020 |
|
|
|a 9783540722380
|9 978-3-540-72238-0
|
| 024 |
7 |
|
|a 10.1007/978-3-540-72238-0
|2 doi
|
| 040 |
|
|
|d GrThAP
|
| 050 |
|
4 |
|a QE351-399.2
|
| 072 |
|
7 |
|a PNV
|2 bicssc
|
| 072 |
|
7 |
|a SCI048000
|2 bisacsh
|
| 082 |
0 |
4 |
|a 549
|2 23
|
| 245 |
1 |
4 |
|a The Archaeometallurgy of Copper
|h [electronic resource] :
|b Evidence from Faynan, Jordan /
|c edited by Andreas Hauptmann.
|
| 264 |
|
1 |
|a Berlin, Heidelberg :
|b Springer Berlin Heidelberg,
|c 2007.
|
| 300 |
|
|
|a XII, 388 p. 170 illus., 24 illus. in color.
|b online resource.
|
| 336 |
|
|
|a text
|b txt
|2 rdacontent
|
| 337 |
|
|
|a computer
|b c
|2 rdamedia
|
| 338 |
|
|
|a online resource
|b cr
|2 rdacarrier
|
| 347 |
|
|
|a text file
|b PDF
|2 rda
|
| 490 |
1 |
|
|a Natural Science in Archaeology,
|x 1613-9712
|
| 505 |
0 |
|
|a Problems and Methods of Archaeometallurgy -- Nature and Geology in Faynan -- The Raw Material Sources -- Field Evidence and Dating of Early Mining and Smelting in the Faynan District -- Study of Archaeometallurgical Slag and Metal -- Copper Smelting Technology -- Export of Ore and Copper: The Importance of Faynan in Prehistoric Palestine -- Summary.
|
| 650 |
|
0 |
|a Earth sciences.
|
| 650 |
|
0 |
|a History.
|
| 650 |
|
0 |
|a Geochemistry.
|
| 650 |
|
0 |
|a Mineral resources.
|
| 650 |
|
0 |
|a Mineralogy.
|
| 650 |
1 |
4 |
|a Earth Sciences.
|
| 650 |
2 |
4 |
|a Mineralogy.
|
| 650 |
2 |
4 |
|a Geochemistry.
|
| 650 |
2 |
4 |
|a Mineral Resources.
|
| 650 |
2 |
4 |
|a History, general.
|
| 700 |
1 |
|
|a Hauptmann, Andreas.
|e editor.
|
| 710 |
2 |
|
|a SpringerLink (Online service)
|
| 773 |
0 |
|
|t Springer eBooks
|
| 776 |
0 |
8 |
|i Printed edition:
|z 9783540722373
|
| 830 |
|
0 |
|a Natural Science in Archaeology,
|x 1613-9712
|
| 856 |
4 |
0 |
|u http://dx.doi.org/10.1007/978-3-540-72238-0
|z Full Text via HEAL-Link
|
| 912 |
|
|
|a ZDB-2-SHU
|
| 950 |
|
|
|a Humanities, Social Sciences and Law (Springer-11648)
|